=LDR 00000nam 2200000 4500 =001 INLIS000000000034245 =005 20231212021340 =035 ##$$a 0010-061300000034245 =008 231212###########################0#ind## =041 ##$$a ind =082 ##$$a 153.4 =090 ##$$a 158.7, mun p =100 ##$$a Sternberg, Robert J =245 1#$$a Psikologi Kogritif /$c Robert J.Sternberg;Penerjemah,Yudi Santoso;Penyunting,Saefuddin Zuhri Qudsi =260 ##$$a 2008 :$b Yogyakarta =300 ##$$a xx,585 hlm., Illus, 28 cm =650 #4$$a Psikologi Kognitif =850 ##$$a NBPNMAT =084 ##$$a 153.4 STE p =700 #$$a Santoso,Yudi